Preparing nematode-free banana seed: Nematocides (Record no. 45443)
[ view plain ]
| 000 -LEADER | |
|---|---|
| fixed length control field | 00378nam a2200133Ia 4500 |
| 100 ## - MAIN ENTRY--AUTHOR NAME | |
| Personal name | Loos Clive A |
| 245 #0 - TITLE STATEMENT | |
| Title | Preparing nematode-free banana seed: Nematocides |
| 260 ## - PUBLICATION, DISTRIBUTION, ETC. (IMPRINT) | |
| Name of publisher | Phytopathology |
| Year of publication | 1960 |
| 300 ## - PHYSICAL DESCRIPTION | |
| Number of Pages | 383-386 |
| 520 ## - SUMMARY, ETC. | |
| Summary, etc | Agricultural Chemical Bulletin Ref No ADB:819/Ne.7 |
| 700 ## - ADDED ENTRY--PERSONAL NAME | |
| Personal name | Loos Sarah B |
| 942 ## - ADDED ENTRY ELEMENTS (KOHA) | |
| Koha item type | Reprints |
| Withdrawn status | Lost status | Damaged status | Not for loan | Home library | Current library | Shelving location | Date acquired | Serial Enumeration / chronology | Koha item type |
|---|---|---|---|---|---|---|---|---|---|
| Reprints | RRII Library | RRII Library | Pathology | 22/12/2021 | Volume 50, Issue 5 | Reprints |